000 00310 a2200157 4500
001 174296
020 _a
040 _cMagnum
100 _aGóes, Lúcia Pimentel
240 1 0 _aA pipa pepita
_lpor
245 1 0 _aA pipa pepita
362 0 _a1899
440 1 _aScipione
697 _aI/GERAL
942 _cBK
999 _c174296
_d174296